Southville International School and Colleges
Your cart is empty.
  • Cart
  • Lists
    Public lists Eva Luna New books Lux_list list_1
    Your lists Log in to create your own lists
  • Log in to your account
  • Your cookies
  • Search history
Southville International School and Colleges
  • Advanced search
  • Recent comments
  • Most popular
  • Libraries

Log in to your account

Log in with GOOGLE


If you do not have an external account, but do have a local account, you can still log in:

  1. Home
  2. MARC view: Development of a smart tourism destination /
Normal view MARC view ISBD view

Development of a smart tourism destination / (Record no. 368349)

[ view plain ]
MARC details
000 -LEADER
fixed length control field 00839nam a22002297a 4500
003 - CONTROL NUMBER IDENTIFIER
control field 0
005 - DATE AND TIME OF LATEST TRANSACTION
control field 20251027145053.0
008 - FIXED-LENGTH DATA ELEMENTS--GENERAL INFORMATION
fixed length control field 251027b xxu||||| |||| 00| 0 eng d
020 ## - INTERNATIONAL STANDARD BOOK NUMBER
International Standard Book Number 978-981-12-9608-6
050 ## - LIBRARY OF CONGRESS CALL NUMBER
Classification number G 155.B8
Item number .R34 2025
100 ## - MAIN ENTRY--PERSONAL NAME
Personal name Rafailova, Genka,
Relator term author.
245 ## - TITLE STATEMENT
Title Development of a smart tourism destination /
Statement of responsibility, etc Genka Rafailova, Zlatka Todorova-Hamdan, and Hristina Filipova.
260 ## - PUBLICATION, DISTRIBUTION, ETC. (IMPRINT)
Place of publication, distribution, etc Singapore :
Name of publisher, distributor, etc World Scientific Publishing Co. Pte. Ltd.,
Date of publication, distribution, etc 2025.
300 ## - PHYSICAL DESCRIPTION
Extent xxiii, 194 pages :
Other physical details illustrations ;
Dimensions 24 cm.
504 ## - BIBLIOGRAPHY, ETC. NOTE
Bibliography, etc Includes bibliographical references and index.
650 ## - SUBJECT ADDED ENTRY--TOPICAL TERM
Topical term or geographic name as entry element Ecotourism
Geographic subdivision Bulgaria.
650 ## - SUBJECT ADDED ENTRY--TOPICAL TERM
Topical term or geographic name as entry element Smart cities
Geographic subdivision Bulgaria.
650 ## - SUBJECT ADDED ENTRY--TOPICAL TERM
Topical term or geographic name as entry element Sustainable tourism
Geographic subdivision Bulgaria.
700 ## - ADDED ENTRY--PERSONAL NAME
Personal name Hamdan, Zlatka Todorova-,
Relator term author.
700 ## - ADDED ENTRY--PERSONAL NAME
Personal name Filipova, Hristina,
Relator term author.
942 ## - ADDED ENTRY ELEMENTS (KOHA)
Source of classification or shelving scheme Library of Congress Classification
Koha item type Books
Holdings
Withdrawn status Lost status Source of classification or shelving scheme Damaged status Home library Current library Shelving location Date acquired Source of acquisition Sub Shelving location Total Checkouts Full call number Barcode Date last seen Price effective from Koha item type
    Library of Congress Classification   College Library College Library Reserve Section 06/24/2025 Library Fund     G 155.B8 .R34 2025 C25442 10/27/2025 10/27/2025 Books

Development of a smart tourism destination /

APA

Rafailova G., Hamdan Z. T. & Filipova H. (2025). Development of a smart tourism destination. Singapore: World Scientific Publishing Co. Pte. Ltd.

Chicago

Rafailova Genka, Hamdan Zlatka Todorova and Filipova Hristina. 2025. Development of a smart tourism destination. Singapore: World Scientific Publishing Co. Pte. Ltd.

Harvard

Rafailova G., Hamdan Z. T. and Filipova H. (2025). Development of a smart tourism destination. Singapore: World Scientific Publishing Co. Pte. Ltd.

MLA

Rafailova Genka, Hamdan Zlatka Todorova and Filipova Hristina. Development of a smart tourism destination. Singapore: World Scientific Publishing Co. Pte. Ltd. 2025.

  • Place hold
  • Print
  • Cite
  • Add to your cart (remove)
  • Save record
    BIBTEX Dublin Core MARCXML MARC (non-Unicode/MARC-8) MARC (Unicode/UTF-8) MARC (Unicode/UTF-8, Standard) MODS (XML) RIS
  • More searches
    Search for this title in:
    Other Libraries (WorldCat) Other Databases (Google Scholar) Online Stores (Bookfinder.com) Open Library (openlibrary.org)

Exporting to Dublin Core...

SOUTHVILLE LIBRARY

Southville International School and Colleges Library

1281 Tropical Ave. Cor. Luxembourg St., BF Homes International, Las Pinas City

Tel. No. 8256374 / 252358 Loc. 117/146

Powered by Koha